000 00678nam a22001817a 4500
999 _c166976
_d166976
010 _aENG-126199
020 _a978-93-84603-47-2
_c495.00
035 _aEN-109731
037 _bDBAD/PUB
082 _a796.355
100 _aSharma,Vinod Bala
245 _aLearn To Play Hockey:
_cby Vinod Bala Sharma [and] Vinod M.L.
_bThe Complete Guide To The Game Of Hockey/
260 _aNew Delhi
_bSports Educational Technologies
_c2019
270 _a102,4787/23,Ansari Road, Darya Ganj,
_bNew Delhi
_e110002
_k+91(011)27601805
_msportseducationaltechnologies@gmail.com
300 _av161p.
_b22cm(hb)
500 _aits include index
942 _2ddc
_cEN
_h796.355
_mSHA